01440pab a2200169 454500008004000000100002500040245011900065260000900184300001200193362001200205520089400217650002801111650003001139650004201169650002601211773003301237180718b2000 xxu||||| |||| 00| 0 eng d aRosenbloom, David H. aRetrofitting the administrative state to the constitution: congress and the judiciary's twentieth-century progress c2000 ap.39-46 aJan-Feb aOne of the twentieth century's "big questions" for United States government has been how best to retrofit, or integrate, the full-fledged federal administrative state into the constitutional scheme. The public administration orthodoxy initially advocated placing the executive branch almost entirely under presidential control; Congress and the federal judiciary responded otherwise. Congress decided to treat the agencies as its extensions for legislative functions and to supervise them more closely. The courts developed an elaborate framework for imposing constitutional rights, values, and reasoning on public administration practice. As the challenge of retrofitting continues into the twenty-first century, public administrators might profitably play a larger role in the constitutional discourse regarding the administrative state's place in constitutional government. - Reproduced aUnited States. Congress aJudiciary - United States aPublic administration - United States aPublic administration aPublic Administration Review